[Event "EU-chT (Women) 24th"]
[Site "Budva"]
[Date "2023.11.15"]
[Round "5.1"]
[White "Repkova, Eva"]
[Black "Milovic, Aleksandra"]
[Result "1-0"]
[WhiteElo "2323"]
[BlackElo "2130"]
[PlyCount "55"]
[EventDate "2023.11.11"]
[EventType "team-swiss"]
[EventRounds "9"]
[EventCountry "MNE"]
[SourceTitle "CB47_2023"]
[SourceDate "2023.11.22"]
[SourceVersion "1"]
[SourceVersionDate "2023.11.22"]
[SourceQuality "1"]
[WhiteTeam "Slovakia (W)"]
[BlackTeam "Montenegro (W)"]
[WhiteTeamCountry "SVK"]
[BlackTeamCountry "MNE"]

1. d4 Nf6 2. Nf3 e6 3. Bf4 d5 4. e3 c5 5. Nbd2 Nc6 6. c3 Be7 7. h3 0-0 8. Bd3 b6 9. Ne5 Nxe5 10. dxe5 Ne8 11. Qh5 f5 12. Nf3 g6 13. Qh6 Rf7 14. Bg5 Qc7 15. Bxe7 Qxe7 16. h4 Qf8 17. Qg5 Qe7 18. Qh6 Qf8 19. Qf4 Ng7 20. Ng5 Nh5 21. Qf3 Rg7 22. g4 fxg4 23. Qxg4 Bd7 24. Rg1 Qe7 25. Nxh7 Rxh7 26. Qxg6+ Kh8 27. Rg5 Qf7 28. Qxh7+ 1-0

[Event "EU-chT (Women) 24th"]
[Site "Budva"]
[Date "2023.11.13"]
[Round "3.11"]
[White "Milovic, Aleksandra"]
[Black "Stojkovska, Monika"]
[Result "1/2-1/2"]
[WhiteElo "2130"]
[BlackElo "2047"]
[PlyCount "73"]
[EventDate "2023.11.11"]
[EventType "team-swiss"]
[EventRounds "9"]
[EventCountry "MNE"]
[SourceTitle "CB47_2023"]
[SourceDate "2023.11.22"]
[SourceVersion "1"]
[SourceVersionDate "2023.11.22"]
[SourceQuality "1"]
[WhiteTeam "Montenegro (W)"]
[BlackTeam "North Macedonia (W)"]
[WhiteTeamCountry "MNE"]
[BlackTeamCountry "MKD"]

1. e4 e6 2. d4 d5 3. Nd2 c5 4. exd5 Qxd5 5. Ngf3 cxd4 6. Bc4 Qd6 7. 0-0 Nf6 8. Re1 Be7 9. Ne4 Qc7 10. Bb5+ Bd7 11. Nxd4 Nc6 12. Nxf6+ Bxf6 13. Nf5 0-0 14. Ng3 Rfd8 15. Ne4 Be7 16. Qh5 Be8 17. Bxc6 Qxc6 18. Qe2 Rac8 19. c3 Qb5 20. Be3 Qxe2 21. Rxe2 Bb5 22. Rd2 Rxd2 23. Nxd2 Bc5 24. Bxc5 Rxc5 25. Nb3 Rd5 26. Nd4 Bd7 27. f4 f6 28. Kf2 e5 29. fxe5 fxe5 30. Nf3 Bg4 31. Re1 Bxf3 32. Kxf3 Kf7 33. Re2 Ke6 34. Ke3 Rd1 35. Rd2 Re1+ 36. Kf2 Rc1 37. h3 1/2-1/2

[Event "EU-chT (Women) 24th"]
[Site "Budva"]
[Date "2023.11.12"]
[Round "2.15"]
[White "Movsesian, Julia"]
[Black "Milovic, Aleksandra"]
[Result "1/2-1/2"]
[WhiteElo "2249"]
[BlackElo "2130"]
[PlyCount "119"]
[EventDate "2023.11.11"]
[EventType "team-swiss"]
[EventRounds "9"]
[EventCountry "MNE"]
[SourceTitle "CB47_2023"]
[SourceDate "2023.11.22"]
[SourceVersion "1"]
[SourceVersionDate "2023.11.22"]
[SourceQuality "1"]
[WhiteTeam "Czech Republic (W)"]
[BlackTeam "Montenegro (W)"]
[WhiteTeamCountry "CZE"]
[BlackTeamCountry "MNE"]

1. e4 c5 2. Nf3 e6 3. d4 cxd4 4. Nxd4 a6 5. c4 Nf6 6. Nc3 Qc7 7. a3 b6 8. Bd3 Bb7 9. Be3 Nc6 10. Nxc6 Bxc6 11. Rc1 Bc5 12. Qe2 Bxe3 13. Qxe3 Ng4 14. Qg3 Qxg3 15. hxg3 Ne5 16. Be2 d6 17. Rd1 Ke7 18. f4 Nd7 19. Kf2 Nc5 20. Bf3 Rac8 21. Rhe1 Na4 22. Nxa4 Bxa4 23. Rc1 Bb3 24. Rc3 Ba4 25. Rec1 Rc7 26. Ke3 Rhc8 27. Be2 h6 28. Kd4 f6 29. Ke3 Be8 30. Rd1 b5 31. Rdc1 bxc4 32. Rxc4 Rxc4 33. Rxc4 Rxc4 34. Bxc4 a5 35. b4 axb4 36. axb4 Bc6 37. g4 d5 38. exd5 exd5 39. Bf1 Kd6 40. Kd4 Bd7 41. Be2 Bc8 42. Bf3 Bb7 43. f5 Bc6 44. g3 Bb7 45. Bd1 Ba6 46. Bb3 Bb7 47. Ba4 Ba6 48. b5 Bc8 49. b6 Ba6 50. Be8 Bb7 51. Bf7 Bc6 52. Bg8 Bb7 53. Be6 g5 54. Bg8 Bc6 55. Bf7 Bb7 56. Be6 Bc6 57. Bc8 Ba4 58. b7 Kc7 59. Kxd5 Bb3+ 60. Ke4 1/2-1/2

[Event "EU-chT (Women) 24th"]
[Site "Budva"]
[Date "2023.11.11"]
[Round "1.15"]
[White "Injac, Teodora"]
[Black "Milovic, Aleksandra"]
[Result "1-0"]
[WhiteElo "2431"]
[BlackElo "2130"]
[PlyCount "82"]
[EventDate "2023.11.11"]
[EventType "team-swiss"]
[EventRounds "9"]
[EventCountry "MNE"]
[SourceTitle "CB47_2023"]
[SourceDate "2023.11.22"]
[SourceVersion "1"]
[SourceVersionDate "2023.11.22"]
[SourceQuality "1"]
[WhiteTeam "Serbia (W)"]
[BlackTeam "Montenegro (W)"]
[WhiteTeamCountry "SRB"]
[BlackTeamCountry "MNE"]

1. Nf3 Nf6 2. g3 e6 3. Bg2 Be7 4. 0-0 0-0 5. c4 d5 6. d4 dxc4 7. Qc2 a6 8. a4 Bd7 9. Qxc4 Bc6 10. Bg5 Bd5 11. Qc2 Be4 12. Qc1 Nc6 13. e3 Bb4 14. Nc3 Bxc3 15. bxc3 Na5 16. Qd1 h6 17. Bxf6 Qxf6 18. Ne5 Bxg2 19. Kxg2 Rfd8 20. Rb1 c5 21. Qe2 Rac8 22. Rfc1 Rc7 23. Nd3 c4 24. Nc5 e5 25. Qf3 Qg6 26. Rd1 exd4 27. exd4 Qc2 28. Re1 Nb3 29. Ne4 Qa2 30. Nc5 Qc2 31. Qf4 Rdc8 32. Ne4 Rd7 33. Nf6+ gxf6 34. Qg4+ Qg6 35. Qxd7 Rf8 36. Qxb7 Qd3 37. Qf3 Qxf3+ 38. Kxf3 Nd2+ 39. Kf4 Nxb1 40. Rxb1 Re8 41. Rb4 Re2 1-0

[Event "Olympiad Women-44"]
[Site "Chennai"]
[Date "2022.08.05"]
[Round "7.1"]
[White "Milovic, Aleksandra"]
[Black "Mwango, Lorita"]
[Result "1/2-1/2"]
[WhiteElo "2129"]
[BlackElo "1920"]
[PlyCount "95"]
[EventDate "2022.07.29"]
[EventType "team-swiss"]
[EventRounds "11"]
[EventCountry "IND"]
[SourceTitle "CBM 210"]
[Source "ChessBase"]
[SourceDate "2022.10.31"]
[SourceVersion "1"]
[SourceVersionDate "2022.10.31"]
[SourceQuality "1"]
[WhiteTeam "Montenegro (W)"]
[BlackTeam "Zambia (W)"]
[WhiteTeamCountry "MNE"]
[BlackTeamCountry "ZAM"]

1. d4 d5 2. Nc3 Nf6 3. Bf4 a6 4. e3 Bf5 5. Nf3 e6 6. Ne5 h6 7. g4 Bh7 8. a3 Nbd7 9. h4 Nxe5 10. Bxe5 Nd7 11. Bd3 Bxd3 12. Qxd3 c5 13. Bg3 Be7 14. 0-0-0 cxd4 15. Qxd4 Bf6 16. Qb4 Qb6 17. g5 Qxb4 18. axb4 Be7 19. e4 dxe4 20. Nxe4 hxg5 21. hxg5 Rxh1 22. Rxh1 0-0-0 23. Bd6 Bf8 24. Rh3 Nb8 25. Rh8 Be7 26. Rxd8+ Bxd8 27. Be5 Be7 28. Bxg7 Bxb4 29. c3 Be7 30. Kd2 Kd7 31. Kd3 Kc6 32. f4 Nd7 33. b4 Nb6 34. Nd2 Nd5 35. Ke4 Bd6 36. Be5 Bxe5 37. Kxe5 Nxc3 38. Kf6 Nd5+ 39. Kxf7 Nxf4 40. Ne4 b6 41. Kf6 Kb5 42. Ke5 Ng6+ 43. Kxe6 Kxb4 44. Kf5 Nh4+ 45. Kg4 Ng6 46. Kf5 Nh4+ 47. Kg4 Ng6 48. Kf5 1/2-1/2

[Event "Olympiad Women-44"]
[Site "Chennai"]
[Date "2022.08.02"]
[Round "5.1"]
[White "Park, Sunwoo"]
[Black "Milovic, Aleksandra"]
[Result "1-0"]
[WhiteElo "1773"]
[BlackElo "2129"]
[PlyCount "155"]
[EventDate "2022.07.29"]
[EventType "team-swiss"]
[EventRounds "11"]
[EventCountry "IND"]
[SourceTitle "CBM 210"]
[Source "ChessBase"]
[SourceDate "2022.10.31"]
[SourceVersion "1"]
[SourceVersionDate "2022.10.31"]
[SourceQuality "1"]
[WhiteTeam "South Korea (W)"]
[BlackTeam "Montenegro (W)"]
[WhiteTeamCountry "KOR"]
[BlackTeamCountry "MNE"]

1. e4 d5 2. exd5 Nf6 3. d4 Bg4 4. f3 Bf5 5. Bb5+ Nbd7 6. Nc3 a6 7. Ba4 b5 8. Bb3 Nb6 9. Nge2 Nfxd5 10. Nxd5 Nxd5 11. Ng3 Bg6 12. 0-0 e6 13. f4 c5 14. c4 Nb6 15. f5 exf5 16. Nxf5 Bxf5 17. Rxf5 Be7 18. cxb5 c4 19. Bc2 g6 20. Rf1 0-0 21. Bh6 Re8 22. Qf3 f6 23. Qg4 Kf7 24. Rae1 Qd6 25. bxa6 Rad8 26. Re4 Nd5 27. Ba4 Rg8 28. Bb5 Nb6 29. Qe2 g5 30. Qh5+ Rg6 31. Bxg5 Kg8 32. Bf4 Qb4 33. Qe2 Qxb5 34. Rxe7 Nd5 35. Qe6+ Kh8 36. Rb7 Nxf4 37. Rxf4 Qg5 38. Qe4 Rxd4 39. Rb8+ Kg7 40. Qb7+ Kh6 41. Rxd4 Qe3+ 42. Kf1 Qxd4 43. Qf3 f5 44. Rb5 c3 45. Qh3+ Kg7 46. Qxc3 Qxc3 47. bxc3 Rxa6 48. Rb2 Ra3 49. Rc2 Kf6 50. Kf2 Ke5 51. Kf3 h5 52. Ke3 h4 53. Kd3 f4 54. Re2+ Kf5 55. h3 Kg5 56. Re5+ Kf6 57. Rh5 Rxa2 58. Rxh4 Rxg2 59. Rxf4+ Ke5 60. Rg4 Rh2 61. h4 Kf5 62. Rd4 Ra2 63. Rb4 Ra8 64. Rb5+ Ke6 65. c4 Kd6 66. h5 Rg8 67. Rd5+ Ke6 68. Kd4 Rg4+ 69. Kc5 Rh4 70. Kb5 Rh1 71. Kc6 Ke7 72. c5 Ra1 73. Rd7+ Ke8 74. Rh7 Kd8 75. h6 Ra6+ 76. Kb7 Ra1 77. Rg7 Rb1+ 78. Kc6 1-0

[Event "Olympiad Women-44"]
[Site "Chennai"]
[Date "2022.08.01"]
[Round "4.1"]
[White "Milovic, Aleksandra"]
[Black "Alboredo, Julia"]
[Result "1/2-1/2"]
[WhiteElo "2129"]
[BlackElo "2264"]
[PlyCount "88"]
[EventDate "2022.07.29"]
[EventType "team-swiss"]
[EventRounds "11"]
[EventCountry "IND"]
[SourceTitle "CBM 210"]
[Source "ChessBase"]
[SourceDate "2022.10.31"]
[SourceVersion "1"]
[SourceVersionDate "2022.10.31"]
[SourceQuality "1"]
[WhiteTeam "Montenegro (W)"]
[BlackTeam "Brazil (W)"]
[WhiteTeamCountry "MNE"]
[BlackTeamCountry "BRA"]

1. d4 d5 2. Nc3 Nf6 3. Bf4 e6 4. e3 a6 5. h4 c5 6. dxc5 Bxc5 7. Bd3 Nc6 8. Nf3 Qe7 9. Ne5 Bd6 10. Ng4 Bxf4 11. exf4 Nd7 12. g3 h5 13. Nh2 b5 14. 0-0 Nf6 15. Nf3 0-0 16. Re1 Qc5 17. Qe2 Nb4 18. Ne5 Bb7 19. a3 Nxd3 20. cxd3 Rad8 21. Rac1 Qb6 22. Red1 a5 23. d4 Ba6 24. b4 Rc8 25. Nd3 axb4 26. axb4 Rc4 27. Nc5 Rxb4 28. f5 Bc8 29. Rb1 Rxb1 30. Rxb1 b4 31. Na2 exf5 32. Rxb4 Qd6 33. Nc3 f4 34. Qe5 Qc6 35. Qxf4 Re8 36. Rb1 Ne4 37. N3xe4 dxe4 38. Re1 f5 39. Qg5 Rf8 40. Qe7 Qd5 41. Qe5 Qxe5 42. dxe5 Rd8 43. e6 Re8 44. f3 Bxe6 1/2-1/2

[Event "Online Olym Div2 C"]
[Site "Chess.com INT"]
[Date "2021.09.04"]
[Round "8.2"]
[White "Premanath, Dinushki"]
[Black "Milovic, Aleksandra"]
[Result "1/2-1/2"]
[WhiteElo "1793"]
[BlackElo "2129"]
[PlyCount "55"]
[EventDate "2021.09.02"]
[EventType "team (rapid)"]
[EventRounds "9"]
[EventCountry "USA"]
[SourceTitle "CBM 204 Extra"]
[Source "ChessBase"]
[SourceDate "2021.11.30"]
[SourceVersion "1"]
[SourceVersionDate "2021.11.30"]
[SourceQuality "1"]
[WhiteTeam "Sri Lanka"]
[BlackTeam "Montenegro"]
[WhiteTeamCountry "SRI"]
[BlackTeamCountry "MNE"]

1. e4 c5 2. Nc3 Nc6 3. g3 g6 4. Bg2 Bg7 5. d3 d6 6. Be3 e6 7. Qd2 Rb8 8. Nge2 b5 9. d4 b4 10. Nd1 cxd4 11. Nxd4 Nge7 12. 0-0 0-0 13. Nxc6 Nxc6 14. Bh6 Qc7 15. Bxg7 Kxg7 16. Ne3 h5 17. f4 Ne7 18. f5 exf5 19. exf5 Nxf5 20. Nxf5+ Bxf5 21. Rxf5 gxf5 22. Qg5+ Kh8 23. Qxh5+ Kg8 24. Qg5+ Kh8 25. Qf6+ Kg8 26. Qg5+ Kh8 27. Qf6+ Kg8 28. Qg5+ 1/2-1/2

[Event "Online Olym Div2 C"]
[Site "Chess.com INT"]
[Date "2021.09.02"]
[Round "2.3"]
[White "Milovic, Aleksandra"]
[Black "Jorge, Rita Maria Osorio"]
[Result "1-0"]
[WhiteElo "2129"]
[BlackElo "1961"]
[PlyCount "83"]
[EventDate "2021.09.02"]
[EventType "team (rapid)"]
[EventRounds "9"]
[EventCountry "USA"]
[SourceTitle "CBM 204 Extra"]
[Source "ChessBase"]
[SourceDate "2021.11.30"]
[SourceVersion "1"]
[SourceVersionDate "2021.11.30"]
[SourceQuality "1"]
[WhiteTeam "Montenegro"]
[BlackTeam "Portugal"]
[WhiteTeamCountry "MNE"]
[BlackTeamCountry "POR"]

1. Nc3 Nf6 2. d4 g6 3. Bg5 Bg7 4. h4 d6 5. Bxf6 Bxf6 6. h5 0-0 7. Qd2 e6 8. Nf3 Nc6 9. hxg6 fxg6 10. Qh6 Qe7 11. e3 Bd7 12. Ne4 Qg7 13. Qh2 Nb4 14. 0-0-0 Nxa2+ 15. Kb1 Nb4 16. g4 Bc6 17. Bd3 Nxd3 18. cxd3 Bd5 19. g5 Be7 20. Qg3 Bb3 21. Rc1 c5 22. Rh4 Rf7 23. dxc5 dxc5 24. Ne5 Rf5 25. f4 h5 26. gxh6 Bxh4 27. Qxh4 Qc7 28. h7+ Qxh7 29. Nf6+ Rxf6 30. Qxf6 Rf8 31. Qxg6+ Qxg6 32. Nxg6 Rf6 33. Ne5 b6 34. Rg1+ Kh7 35. Kc1 Rh6 36. Ng4 Rh3 37. Kd2 Kh8 38. Kc3 Bd5 39. Nf6 e5 40. Nxd5 Kh7 41. fxe5 Rh5 42. Nf6+ 1-0

[Event "MNT-chT"]
[Site "Podgorica"]
[Date "2020.10.10"]
[Round "3.1"]
[White "Milovic, Aleksandra"]
[Black "Mugosa, Srdjan"]
[Result "0-1"]
[WhiteElo "2185"]
[BlackElo "1995"]
[PlyCount "78"]
[EventDate "2020.10.09"]
[EventType "team-tourn"]
[EventRounds "9"]
[EventCountry "MNE"]
[SourceTitle "CBM 198 Extra"]
[Source "ChessBase"]
[SourceDate "2020.11.30"]
[SourceVersion "1"]
[SourceVersionDate "2020.11.30"]
[SourceQuality "1"]
[WhiteTeam "Elektroprivreda"]
[BlackTeam "Cetinje"]
[WhiteTeamCountry "MNE"]
[BlackTeamCountry "MNE"]

1. Nc3 c5 2. Nf3 Nc6 3. d4 cxd4 4. Nxd4 Nf6 5. Bg5 Qb6 6. Nb3 e6 7. e4 a6 8. Be2 Bb4 9. 0-0 0-0 10. Bxf6 gxf6 11. Kh1 Kh8 12. f4 Rg8 13. Rf3 Qc7 14. Qe1 Rg7 15. Qh4 Be7 16. Rd1 b5 17. a3 Bb7 18. Rfd3 d6 19. Rg3 Rag8 20. Rxg7 Rxg7 21. f5 Ne5 22. Nd4 Bc8 23. Qh3 Nc4 24. Rd3 Nxb2 25. Rg3 Rxg3 26. Qxg3 Bf8 27. h4 Qc5 28. Nb3 Qe5 29. Qxe5 fxe5 30. g4 Bb7 31. Bf3 Nc4 32. a4 bxa4 33. Nxa4 Bc6 34. Nc3 Be7 35. fxe6 fxe6 36. g5 Ne3 37. Na5 Ba8 38. Na4 Bd8 39. Nc4 Nxc4 0-1

[Event "MNT-ch 72nd"]
[Site "Podgorica"]
[Date "2020.09.13"]
[Round "5"]
[White "Milovic, Aleksandra"]
[Black "Musovic, Armin"]
[Result "0-1"]
[WhiteElo "2198"]
[BlackElo "2207"]
[PlyCount "114"]
[EventDate "2020.09.11"]
[EventType "swiss"]
[EventRounds "9"]
[EventCountry "MNE"]
[SourceTitle "CBM 198 Extra"]
[Source "ChessBase"]
[SourceDate "2020.11.30"]
[SourceVersion "1"]
[SourceVersionDate "2020.11.30"]
[SourceQuality "1"]

1. e4 c6 2. d4 d5 3. Nc3 dxe4 4. Nxe4 Nf6 5. Nxf6+ exf6 6. c3 Bd6 7. Bd3 0-0 8. Ne2 Re8 9. 0-0 Qc7 10. g3 Nd7 11. Bf4 Nf8 12. Bxd6 Qxd6 13. Nf4 Ne6 14. Nxe6 Bxe6 15. Qc2 h5 16. h4 Bh3 17. Rfe1 Rxe1+ 18. Rxe1 Qd5 19. Bh7+ Kh8 20. Be4 Qxa2 21. Bf3 g6 22. c4 Qa5 23. Re7 Kg7 24. d5 Rd8 25. Kh2 Qc5 26. Rxb7 cxd5 27. Bxd5 Rxd5 28. Rb5 Rd2 29. Qxd2 Qxc4 30. Ra5 Qf1 31. f3 a6 32. Ra3 Be6 33. Rc3 Qh3+ 34. Kg1 Qxg3+ 35. Kf1 Qxh4 36. Ke2 Qb4 37. Kd1 Bb3+ 38. Kc1 Qa4 39. Qd3 Be6 40. Ra3 Qf4+ 41. Kd1 h4 42. Qe4 Qxe4 43. fxe4 h3 44. Ke2 h2 45. Ra1 f5 46. Rh1 fxe4 47. Ke3 f5 48. Rxh2 Kf6 49. Kd4 Bd7 50. b4 Bb5 51. Rh8 Bd3 52. Ke3 g5 53. Rf8+ Ke5 54. Re8+ Kd5 55. Rg8 f4+ 56. Kd2 Kd4 57. Rd8+ Kc4 0-1

[Event "MNT-ch 72nd"]
[Site "Podgorica"]
[Date "2020.09.12"]
[Round "2"]
[White "Milovic, Aleksandra"]
[Black "Pobor, Danilo"]
[Result "1-0"]
[WhiteElo "2198"]
[BlackElo "2059"]
[PlyCount "95"]
[EventDate "2020.09.11"]
[EventType "swiss"]
[EventRounds "9"]
[EventCountry "MNE"]
[SourceTitle "CBM 198 Extra"]
[Source "ChessBase"]
[SourceDate "2020.11.30"]
[SourceVersion "1"]
[SourceVersionDate "2020.11.30"]
[SourceQuality "1"]

1. d4 Nf6 2. Nc3 d5 3. Bg5 Nbd7 4. f3 c5 5. e4 dxe4 6. fxe4 Qa5 7. Bxf6 gxf6 8. Qh5 f5 9. 0-0-0 cxd4 10. Rxd4 Bg7 11. Rd5 Qb6 12. Bb5 e6 13. Rd3 Ke7 14. Bxd7 Bxd7 15. exf5 Rad8 16. Nf3 h6 17. Re1 Bc6 18. fxe6 fxe6 19. Ne5 Bxe5 20. Qxe5 Rxd3 21. Qxe6+ Kd8 22. Qf6+ Kc7 23. Qxh8 Re3 24. Rd1 Re8 25. Qxh6 Qf2 26. Qd6+ Kc8 27. g4 a6 28. b3 Qe3+ 29. Kb2 Qg5 30. Nd5 Qe5+ 31. Qxe5 Rxe5 32. c4 Re2+ 33. Kc3 Rxh2 34. Rd2 Rh3+ 35. Rd3 Rh2 36. Rg3 Kd7 37. g5 Bxd5 38. cxd5 Ke7 39. g6 Kf8 40. d6 Kg7 41. d7 Rh8 42. Rd3 Rd8 43. Rd6 Kf8 44. Kd4 Ke7 45. Ke5 a5 46. a4 b6 47. Re6+ Kf8 48. Kd6 1-0

[Event "Online Olym Div2 E"]
[Site "Chess.com INT"]
[Date "2020.08.15"]
[Round "5.3"]
[White "Milovic, Aleksandra"]
[Black "Gara, Ticia"]
[Result "0-1"]
[WhiteElo "2186"]
[BlackElo "2383"]
[PlyCount "128"]
[EventDate "2020.08.14"]
[EventType "team-tourn (rapid)"]
[EventRounds "9"]
[EventCountry "USA"]
[SourceTitle "CBM 198"]
[Source "ChessBase"]
[SourceDate "2020.10.31"]
[SourceVersion "1"]
[SourceVersionDate "2020.10.31"]
[SourceQuality "1"]
[WhiteTeam "Montenegro"]
[BlackTeam "Hungary"]
[WhiteTeamCountry "MNE"]
[BlackTeamCountry "HUN"]

1. Nc3 d5 2. d4 Nf6 3. Bg5 Nbd7 4. f3 h6 5. Bh4 c5 6. e4 dxe4 7. fxe4 cxd4 8. Qxd4 e5 9. Qa4 Be7 10. 0-0-0 g5 11. Bg3 Qc7 12. Nd5 Nxd5 13. Rxd5 0-0 14. Qb3 Nc5 15. Qe3 f6 16. h4 Be6 17. hxg5 hxg5 18. Bc4 Kg7 19. Nf3 Bxd5 20. exd5 Nd7 21. Bd3 Rh8 22. Rxh8 Rxh8 23. Qe4 Rh6 24. Qf5 Rh1+ 25. Kd2 Qa5+ 26. Ke2 Qxd5 27. c4 Qd6 28. Qg6+ Kf8 29. Nh2 Nc5 30. Qh6+ Ke8 31. Qh8+ Bf8 32. Bg6+ Kd8 33. Be1 Nd7 34. b4 e4 35. Bxe4 Rxh2 36. Qg8 Qe7 37. Qd5 Rxg2+ 38. Bf2 Rxf2+ 39. Kxf2 Qe5 40. Qxb7 Qf4+ 41. Ke2 Qh2+ 42. Kd1 Qd6+ 43. Kc2 Qxb4 44. Qa6 Qa3 45. Qc6 Qxa2+ 46. Kd1 Qa1+ 47. Ke2 Qb2+ 48. Kf1 Bc5 49. Ke1 Qf2+ 50. Kd1 Qd4+ 51. Kc2 Qxc4+ 52. Kb1 Qb4+ 53. Kc2 Qb6 54. Qd5 Qc7 55. Bf5 Bd6+ 56. Kd1 Qc5 57. Qe6 Ne5 58. Qxf6+ Be7 59. Qh8+ Kc7 60. Qc8+ Kb6 61. Qb8+ Ka5 62. Qb1 Qd4+ 63. Ke2 Qc4+ 64. Kd1 Qf1+ 0-1

[Event "Online Olym Div2 E"]
[Site "Chess.com INT"]
[Date "2020.08.14"]
[Round "3.3"]
[White "Milovic, Aleksandra"]
[Black "Arakhamia Grant, Ketevan"]
[Result "0-1"]
[WhiteElo "2186"]
[BlackElo "2380"]
[PlyCount "60"]
[EventDate "2020.08.14"]
[EventType "team-tourn (rapid)"]
[EventRounds "9"]
[EventCountry "USA"]
[SourceTitle "CBM 198"]
[Source "ChessBase"]
[SourceDate "2020.10.31"]
[SourceVersion "1"]
[SourceVersionDate "2020.10.31"]
[SourceQuality "1"]
[WhiteTeam "Montenegro"]
[BlackTeam "Scotland"]
[WhiteTeamCountry "MNE"]
[BlackTeamCountry "SCO"]

1. Nc3 c5 2. Nf3 Nc6 3. d4 cxd4 4. Nxd4 Nf6 5. Bg5 e6 6. Qd2 d5 7. 0-0-0 Be7 8. e4 0-0 9. Nxc6 bxc6 10. e5 Nd7 11. Bxe7 Qxe7 12. f4 Rb8 13. a3 Nc5 14. Qd4 a5 15. Na4 Ne4 16. Bd3 c5 17. Qe3 Bd7 18. Bxe4 Bxa4 19. Bf3 Rfc8 20. f5 c4 21. Qc3 Qg5+ 22. Kb1 Qxf5 23. Rhf1 Rb3 24. Qd4 Rcb8 25. Be4 Qxe4 26. Qxe4 Rxb2+ 27. Kc1 dxe4 28. Rd8+ Rxd8 29. Kxb2 Rd5 30. Kc3 Rxe5 0-1

[Event "MNT-ch (Women)"]
[Site "Podgorica"]
[Date "2020.03.06"]
[Round "2"]
[White "Mosurovic, Milena"]
[Black "Milovic, Aleksandra"]
[Result "0-1"]
[WhiteElo "1353"]
[BlackElo "2186"]
[PlyCount "30"]
[EventDate "2020.03.05"]
[EventType "swiss"]
[EventRounds "7"]
[EventCountry "MNE"]
[SourceTitle "CBM 195 Extra"]
[Source "ChessBase"]
[SourceDate "2020.05.31"]
[SourceVersion "1"]
[SourceVersionDate "2020.05.31"]
[SourceQuality "1"]

1. e4 d5 2. exd5 Nf6 3. Nf3 Bg4 4. Bb5+ Nbd7 5. c4 e6 6. dxe6 fxe6 7. d4 c6 8. Ba4 Qa5+ 9. Bd2 Qh5 10. h3 0-0-0 11. Qb3 e5 12. dxe5 Nc5 13. Qc2 Bxf3 14. exf6 Bxg2 15. Rg1 Nd3+ 0-1

[Event "EU-Cup (Women) 24th"]
[Site "Ulcinj"]
[Date "2019.11.16"]
[Round "7.6"]
[White "Milovic, Aleksandra"]
[Black "Shuvalova, Polina"]
[Result "0-1"]
[WhiteElo "2183"]
[BlackElo "2434"]
[PlyCount "84"]
[EventDate "2019.11.10"]
[EventType "team-swiss"]
[EventRounds "7"]
[EventCountry "MNE"]
[SourceTitle "CBM 193 Extra"]
[Source "ChessBase"]
[SourceDate "2020.01.31"]
[SourceVersion "1"]
[SourceVersionDate "2020.01.31"]
[SourceQuality "1"]
[WhiteTeam "MNE (W)"]
[BlackTeam "Novy Bor (W)"]
[WhiteTeamCountry "MNE"]
[BlackTeamCountry "CZE"]

1. Nc3 d5 2. Nf3 Nf6 3. e3 g6 4. g3 Bg7 5. Bg2 0-0 6. d3 c5 7. 0-0 Nc6 8. Re1 h6 9. h3 e5 10. e4 Be6 11. Kh2 Rc8 12. Ng1 d4 13. Nce2 c4 14. dxc4 Bxc4 15. f4 Re8 16. fxe5 Rxe5 17. Nf4 Qe8 18. Nd3 Re7 19. b3 Bxd3 20. cxd3 Nb4 21. Ba3 a5 22. Bxb4 axb4 23. a3 bxa3 24. Re2 h5 25. Rxa3 h4 26. g4 Bh6 27. Rc2 Rec7 28. Raa2 Qe5+ 29. Kh1 Qg3 30. Rxc7 Rxc7 31. Ne2 Qe3 32. Qf1 Nd7 33. Qf3 Qxf3 34. Bxf3 Ne5 35. Kg2 Be3 36. g5 Nxd3 37. Bg4 Kg7 38. Ng1 Rc1 39. Ne2 Rb1 40. b4 Rxb4 41. Ra1 Rb2 42. Kf1 Ne5 0-1

[Event "EU-Cup (Women) 24th"]
[Site "Ulcinj"]
[Date "2019.11.13"]
[Round "4.7"]
[White "Milovic, Aleksandra"]
[Black "Haitovich, Avital"]
[Result "1-0"]
[WhiteElo "2183"]
[BlackElo "1998"]
[PlyCount "101"]
[EventDate "2019.11.10"]
[EventType "team-swiss"]
[EventRounds "7"]
[EventCountry "MNE"]
[SourceTitle "CBM 193 Extra"]
[Source "ChessBase"]
[SourceDate "2020.01.31"]
[SourceVersion "1"]
[SourceVersionDate "2020.01.31"]
[SourceQuality "1"]
[WhiteTeam "MNE (W)"]
[BlackTeam "Herzliya (W)"]
[WhiteTeamCountry "MNE"]
[BlackTeamCountry "ISR"]

1. Nc3 c5 2. Nf3 d6 3. d4 cxd4 4. Nxd4 Nf6 5. Bg5 Nbd7 6. Qd2 h6 7. Bh4 g6 8. 0-0-0 Bg7 9. e4 0-0 10. Be2 a6 11. g4 Nc5 12. f3 b5 13. g5 hxg5 14. Bxg5 Ne6 15. Nxe6 Bxe6 16. Nd5 Bxd5 17. exd5 Rc8 18. Kb1 Rc5 19. Bxf6 Bxf6 20. h4 Qc8 21. h5 Qf5 22. hxg6 fxg6 23. Bd3 Qe5 24. c3 Bg7 25. Bxg6 Rxf3 26. Bh7+ Kf8 27. Rhe1 Qf4 28. Qe2 Bf6 29. Qe6 Qg5 30. Rg1 Rg3 31. Rxg3 Qxg3 32. Rf1 Qg7 33. Bd3 Qf7 34. Qd7 Rxd5 35. Bc2 e6 36. Qc8+ Ke7 37. Qxa6 Qg7 38. Qb7+ Kd8 39. Qb8+ Ke7 40. Rh1 Qg2 41. Qa7+ Kf8 42. Rg1 Qe2 43. a3 Rg5 44. Qb8+ Kf7 45. Qc7+ Ke8 46. Rh1 Qg2 47. Rh6 Qf1+ 48. Ka2 Rg1 49. Bg6+ Rxg6 50. Rxg6 Qf5 51. Rg8# 1-0

[Event "EU-Cup (Women) 24th"]
[Site "Ulcinj"]
[Date "2019.11.11"]
[Round "2.5"]
[White "Ovod, Evgenija"]
[Black "Milovic, Aleksandra"]
[Result "1-0"]
[WhiteElo "2347"]
[BlackElo "2183"]
[PlyCount "98"]
[EventDate "2019.11.10"]
[EventType "team-swiss"]
[EventRounds "7"]
[EventCountry "MNE"]
[SourceTitle "CBM 193 Extra"]
[Source "ChessBase"]
[SourceDate "2020.01.31"]
[SourceVersion "1"]
[SourceVersionDate "2020.01.31"]
[SourceQuality "1"]
[WhiteTeam "SSHOR (W)"]
[BlackTeam "MNE (W)"]
[WhiteTeamCountry "RUS"]
[BlackTeamCountry "MNE"]

1. e4 d5 2. exd5 Nf6 3. Nf3 Bg4 4. Bb5+ Nbd7 5. c4 e6 6. dxe6 fxe6 7. d4 c6 8. Ba4 Bb4+ 9. Bd2 Qa5 10. Nc3 0-0-0 11. a3 Bxc3 12. Bxc3 Qh5 13. Qe2 e5 14. dxe5 Nxe5 15. Bxe5 Rhe8 16. 0-0 Nd7 17. Qc2 Nxe5 18. Nxe5 Qxe5 19. f3 Bf5 20. Qf2 Qa5 21. Bc2 Bxc2 22. Qxc2 Rd2 23. Qxh7 Qb6+ 24. Kh1 Qxb2 25. Qf5+ Kb8 26. Rab1 Qe5 27. Qxe5+ Rxe5 28. Rbe1 Rxe1 29. Rxe1 Ra2 30. h4 Rxa3 31. Re8+ Kc7 32. Re7+ Kd6 33. Rxb7 a5 34. Rxg7 a4 35. h5 Re3 36. Ra7 a3 37. h6 Re6 38. h7 Rh6+ 39. Kg1 Kc5 40. g4 a2 41. Rxa2 Rxh7 42. Rc2 Kd4 43. c5 Ke3 44. Kg2 Rd7 45. Kg3 Rd5 46. f4 Kd3 47. Rf2 Ke4 48. Re2+ Kd3 49. Re5 Kd4 1-0